000 00448nam a22001577a 4500
999 _c9273
_d9273
008 210401b ||||| |||| 00| 0 eng d
040 _aBMS College of Architecture
100 _aS, B, Nishrin
245 _aShopping Mall
300 _aNA
500 _a1BM00AT020
502 _8B.Arch
_NBMS College of Architecture, Visvesvaraya Technological University
_aProject report
_d2004
650 _aMall
700 _aManjula K
_eGuide
942 _2ddc
_cTHE